Normal view
MARC view
- الفواعير ، علاء محمد
Entry Personal Name
001 - CONTROL NUMBER
- control field: 50699
003 - CONTROL NUMBER IDENTIFIER
- control field: JO-AjAnu
005 - DATE AND TIME OF LATEST TRANSACTION
- control field: 20230606082339.0
008 - FIXED-LENGTH DATA ELEMENTS
- fixed length control field: 230606|| aca||aabn | a|a d
040 ## - CATALOGING SOURCE
- Original cataloging agency: JO-AjAnu
- Transcribing agency: JO-AjAnu
100 ## - HEADING--PERSONAL NAME
- Personal name: الفواعير ، علاء محمد
670 ## - SOURCE DATA FOUND
- Source citation: Work cat.: (JO-AjAnu)25917: الفواعير ، علاء محمد , author, العقود الإلكترونية: التراضي . التعبير عن الإرادة " دراسة مقارنة "